<?xml version="1.0" encoding="UTF-8"?><?xml-stylesheet type="text/xsl" href="static/style.xsl"?><OAI-PMH xmlns="http://www.openarchives.org/OAI/2.0/" xmlns:xsi="http://www.w3.org/2001/XMLSchema-instance" xsi:schemaLocation="http://www.openarchives.org/OAI/2.0/ http://www.openarchives.org/OAI/2.0/OAI-PMH.xsd"><responseDate>2026-04-17T02:39:30Z</responseDate><request verb="GetRecord" identifier="oai:www.recercat.cat:10459.1/71818" metadataPrefix="marc">https://recercat.cat/oai/request</request><GetRecord><record><header><identifier>oai:recercat.cat:10459.1/71818</identifier><datestamp>2024-12-04T13:01:52Z</datestamp><setSpec>com_2072_3622</setSpec><setSpec>col_2072_478537</setSpec></header><metadata><record xmlns="http://www.loc.gov/MARC21/slim" xmlns:dcterms="http://purl.org/dc/terms/" xmlns:xsi="http://www.w3.org/2001/XMLSchema-instance" xmlns:doc="http://www.lyncode.com/xoai" xsi:schemaLocation="http://www.loc.gov/MARC21/slim http://www.loc.gov/standards/marcxml/schema/MARC21slim.xsd">
   <leader>00925njm 22002777a 4500</leader>
   <datafield ind2=" " ind1=" " tag="042">
      <subfield code="a">dc</subfield>
   </datafield>
   <datafield ind2=" " ind1=" " tag="720">
      <subfield code="a">Cubas Sisternas, María</subfield>
      <subfield code="e">author</subfield>
   </datafield>
   <datafield ind2=" " ind1=" " tag="260">
      <subfield code="c">2021-09-07T11:56:03Z</subfield>
   </datafield>
   <datafield ind2=" " ind1=" " tag="260">
      <subfield code="c">2021-09-07T11:56:03Z</subfield>
   </datafield>
   <datafield ind2=" " ind1=" " tag="260">
      <subfield code="c">2021-06</subfield>
   </datafield>
   <datafield ind2=" " ind1=" " tag="520">
      <subfield code="a">Pregunta de investigación: ¿es efectiva la realidad virtual junto con el ejercicio terapéutico en el tratamiento de la cervicalgia inespecífica mecánica crónica?&#xd;
Objetivo: evaluar la efectividad de la realidad virtual junto con el ejercicio terapéutico en el tratamiento del dolor cervical crónico.&#xd;
Metodología: diseño del estudio: los participantes del estudio son pacientes afectos de cervicalgia crónica de entre 18 y 50 años que serán asignados de manera aleatoria en dos grupos: grupo experimental y grupo control. Intervención: los participantes serán aleatorizados en dos grupos para realizar el tratamiento. El tratamiento del grupo experimental consiste en realizar ejercicio terapéutico a través de la inmersión en un juego de realidad virtual. En el grupo control el tratamiento se basa en ejercicio terapéutico de manera convencional sin realidad virtual. Mediciones: para comprobar el objetivo principal se utilizará la escala EVA del dolor y el test NDI. Las variables que nos permitirán conocer los objetivos específicos son: la Calidad de Vida con el cuestionario SF-36 y su versión corta SF-12, la Calidad del Sueño con el cuestionario de Pittsburgh, el Estrés Percibido con el test PSS-14, la autoeficacia tanto en dolor crónico como en la actividad física y el miedo al movimiento con el test TSK-11SV. Calendario y seguimiento: el tratamiento durará dos meses con una evaluación al inicio, al mes, al final del tratamiento y a los seis meses del inicio del tratamiento.</subfield>
   </datafield>
   <datafield ind2=" " ind1=" " tag="520">
      <subfield code="a">Research question: Is Virtual Reality together with therapeutic exercise effective in the treatment of chronic mechanical nonspecific neck pain?&#xd;
Objective: to evaluate the effectiveness of virtual reality together with therapeutic exercise in the treatment of chronic neck pain.&#xd;
Methodology: study design: the study participants are patients with chronic neck pain between 18 and 50 years of age who will be randomly assigned into two groups: experimental group and control group. Intervention: the participants will be randomized into two groups to carry out the treatment. The treatment of the experimental group consists of performing therapeutic exercise through immersion in a virtual reality game. In the control group, treatment consist of therapeutic exercise in a conventional way without virtual reality. Measurements: to verify the main objective we will use the VAS pain scale and the NDI test. The variables that will allow us to know the specific objectives are Quality of Life with the SF-36 questionnaire and its short version SF-12, Sleep Quality with the Pittsburgh questionnaire, Perceived Stress with the PSS-14, self-efficacy in both chronic pain and physical activity and fear of movement with the TSK-11SV test. Calendar and monitoring: the treatment will last two months with an evaluation at the beginning, one month, at the end of the treatment and six month after the start of the treatment.</subfield>
   </datafield>
   <datafield ind1="8" ind2=" " tag="024">
      <subfield code="a">http://hdl.handle.net/10459.1/71818</subfield>
   </datafield>
   <datafield tag="653" ind2=" " ind1=" ">
      <subfield code="a">Fisioterapia</subfield>
   </datafield>
   <datafield tag="653" ind2=" " ind1=" ">
      <subfield code="a">Dolor crónico</subfield>
   </datafield>
   <datafield tag="653" ind2=" " ind1=" ">
      <subfield code="a">Cervicalgia inespecífica mecánica</subfield>
   </datafield>
   <datafield tag="653" ind2=" " ind1=" ">
      <subfield code="a">Realidad virtual</subfield>
   </datafield>
   <datafield tag="653" ind2=" " ind1=" ">
      <subfield code="a">Physiotherapy</subfield>
   </datafield>
   <datafield tag="653" ind2=" " ind1=" ">
      <subfield code="a">Chronic pain</subfield>
   </datafield>
   <datafield tag="653" ind2=" " ind1=" ">
      <subfield code="a">Mechanical nonspecific neck pain</subfield>
   </datafield>
   <datafield tag="653" ind2=" " ind1=" ">
      <subfield code="a">Virtual reality</subfield>
   </datafield>
   <datafield tag="653" ind2=" " ind1=" ">
      <subfield code="a">Fisioteràpia</subfield>
   </datafield>
   <datafield tag="653" ind2=" " ind1=" ">
      <subfield code="a">Dolor crònic</subfield>
   </datafield>
   <datafield tag="653" ind2=" " ind1=" ">
      <subfield code="a">Cervicàlgia</subfield>
   </datafield>
   <datafield tag="653" ind2=" " ind1=" ">
      <subfield code="a">Realitat virtual</subfield>
   </datafield>
   <datafield ind2="0" ind1="0" tag="245">
      <subfield code="a">Estudio comparativo entre el ejercicio terapéutico exclusivo y el ejercicio terapéutico con realidad virtual en el tratamiento de la cervicalgia mecánica crónica: ensayo clínico aleatorizado</subfield>
   </datafield>
</record></metadata></record></GetRecord></OAI-PMH>